000 01618nam a22004217a 4500
005 20170419020001.0
008 131112s2012 ec a gr 000 0dspa d
020 _a9789942115737
040 _aCO-BoIAVH
_cCO-BoIAVH
041 0 _aspa
044 _aec
082 0 4 _a574.52621
_bC92p2
245 0 0 _aBuenas prácticas para la gestión de los páramos :
_bVenezuela, Colombia, Ecuador y Perú /
_cMayanín Rodríguez ... [et al.] ; fotografías Henriette Arreaza ... [et al.].
260 _aQuito :
_bCondesan,
_c2012.
300 _a179 p. :
_bil. ;
_c30 cm.
505 _aBuenas prácticas promovidas por el PPA (p. 11)
505 _aVenezuela (p. 15)
505 _aColombia (p. 65)
505 _aEcuador (p. 123)
505 _aPeru (p. 151)
650 4 _aEcología de páramos
_z Colombia.
_932911
650 4 _aEcología de páramos
_z Venezuela.
_932912
650 4 _aEcología de páramos
_z Ecuador.
_932913
650 4 _aEcología de páramos
_zPerú
_932914
650 4 _aPáramos
_z Colombia.
_932915
650 4 _aPáramos
_z Venezuela.
_932916
650 4 _aPáramos
_z Ecuador.
_932917
650 4 _aPáramos
_z Perú.
_932918
650 4 _aConservación de páramos
_z Colombia.
_932919
650 4 _aConservación de páramos
_z Venezuela.
_932920
650 4 _aConservación de páramos
_z Ecuador.
_932921
650 4 _aConservación de páramos
_z Perú.
_932922
700 1 _aRodríguez, Mayanín.
_924179
700 1 _aArreaza, Henritte,
_efot.
_924180
700 1 _aCrespo Coello, Patricio,
_eed.
_91512
700 1 _aRodríguez Morales, Tatiana,
_eed.
_924181
942 _2ddc
_cLIBRO
_02
999 _c8441
_d8441